000 00500nam a2200181Ia 4500
005 20250326141801.0
008 250326s9999 xx 000 0 und d
037 _aTextbook
040 _aFMSL
_beng
_cFMSL
041 _aeng
_2eng
084 _qFMSL
100 _aJain Ravi K
_9745065
245 0 _aWorking capital management of State enterprises in India
_cJain Ravi K
260 _aJaipur
_bJaipur, National pub. House
_c1988
300 _a851p
942 _cTB
999 _c1291951
_d1291951